| 000 | 00765nas a2200253 4500 | ||
|---|---|---|---|
| 001 | BR0802032 | ||
| 003 | BR-BrBNA | ||
| 005 | 20231205111908.0 | ||
| 007 | ta | ||
| 008 | 230509b bl.|||p| |||| 00| 00por d | ||
| 040 |
_aBR-BrBNA _bpor _cBiblioteca Nacional de Agricultura |
||
| 041 | _a(Pt) | ||
| 072 | _aL73 | ||
| 100 | 1 | _aSantos, F. das C.C. dos | |
| 100 | 1 | _aLinhares, G.F.C. | |
| 100 | 1 | _aSilva, O.C. da | |
| 245 | 1 | _aTétano canino - relato de um caso | |
| 650 | _aCÃO | ||
| 650 | _aTÉTANO | ||
| 650 | _aINFECÇÃO | ||
| 773 | 0 |
_tAnais da Escola de Agronomia e Veterinária - Universidade Federal de Goiás (Brazil) _xISSN 0100-218X _g(1984-1986), v. 14-16(1)35-43 _wBR0802032 |
|
| 909 |
_a202311 _bLúcia _c55 _dLúcia Elande |
||
| 942 |
_2AGRIS _n0 _cANA |
||
| 999 |
_c195008 _d195008 |
||